les points à la belote - Statistiques

Statistiques générales
  • Ce quiz a été pris 274 fois
  • Le résultat moyen est 15 sur 19
Statistiques - réponses
cartes / annonce points % Correct
7 et 8 0
100%
10 10
99%
Valet normal 2
99%
9 normal 0
98%
Valet en Atout 20
98%
dame 3
98%
roi 4
98%
As 11
97%
Der 10
96%
9 en atout 14
95%
Belote Rebelote 20
89%
3 cartes de même couleur qui se suivent 20 ou 30
74%
4 cartes de même couleur qui se suivent 50
70%
5 cartes de même couleur qui se suivent 100
66%
carré 7 ou 8 0
50%
Nombre total point dans le jeu 162
47%
carré 10 , As , roi et Dame 100
38%
Carré valet 200
38%
carré 9 150
37%
Aucun quiz correspondant
Distribution des résultats
% des personnes avec chaque résultat
Percentile par nombre de réponses
Votre historique - résultats
Vous n’avez pas pris ce quiz